|
|
|
|
| LEADER |
00000nam a2200000 a 4500 |
| 001 |
vtls008907086 |
| 003 |
SK-MaSNL |
| 005 |
20260301210005.0 |
| 008 |
240314s1989 xo slo |
| 020 |
|
|
|a 8085165090
|q (brož.)
|c 49.00
|
| 035 |
|
|
|a LMAOSK5632
|
| 040 |
|
|
|a SNK
|b slo
|c SNK
|e AACR2
|
| 041 |
0 |
|
|a slo
|
| 044 |
|
|
|a xo
|c SK
|
| 080 |
|
|
|a 003.5
|2 1981
|
| 100 |
1 |
|
|a Konečný, Stanislav,
|d 1949-
|4 aut
|9 5274
|
| 245 |
1 |
0 |
|a Mikrografia vo VTEI
|c Stanislav Konečný
|
| 260 |
|
|
|a Bratislava
|b SlTK
|c 1989
|
| 300 |
|
|
|a 122 s. brož.
|
| 650 |
0 |
7 |
|a mikrografia (fotografia)
|2 LMAOSK
|9 65189
|
| 650 |
0 |
7 |
|a VTEI
|2 LMAOSK
|9 407356
|
| 650 |
0 |
7 |
|a využívanie
|2 LMAOSK
|9 458995
|
| 919 |
|
|
|a 80-85165-09-0
|
| 958 |
|
|
|a OND
|
| 999 |
|
|
|c 912094
|d 914024
|
| 952 |
|
|
|a SNK
|b SNK
|y NEVYP
|7 1
|p 17A0133161
|o prac.
|i snkŠKL 1/97
|0 0
|1 0
|4 0
|d 1999-11-12
|l 0
|r 2004-12-31 00:00:00
|w 2026-02-24
|
| 952 |
|
|
|t P60, <04>, [BOOK], {604}
|a SNK
|b SNK
|y VYP
|7 0
|p 17A0345201
|o snkSC 75946 D2
|i snkKSP 6258/2002
|0 0
|1 0
|4 0
|d 2002-05-21
|l 0
|r 2004-12-31 00:00:00
|w 2026-02-24
|
| 952 |
|
|
|a SNK
|b SNK
|y PREZ
|7 0
|p 17A0965570
|o snkSC 75946
|0 0
|1 0
|4 0
|d 2012-10-08
|l 0
|r 2026-02-24 07:47:26
|w 2026-02-24
|
| 952 |
|
|
|t P60, <04>, [BOOK], {604}
|a SNK
|b SNK
|y VYP
|7 0
|p 17A0139681
|o snkSC 75946 D1
|0 0
|1 0
|4 0
|d 1998-05-12
|l 0
|r 2004-12-31 00:00:00
|w 2026-02-24
|